Statistiques concernant 15 principaux pays touchés par Covid-19 - 13 avr 2021

Cliquez ici pour prendre le quiz!

Statistiques générales

  • Ce quiz a été pris 37 fois
  • Le résultat moyen est 15 sur 28

Statistiques - réponses

pays% Correct
France
100%
Allemagne
97%
Espagne
94%
Etats-Unis
94%
Italie
94%
Brésil
91%
Royaume-Uni
88%
Russie
82%
Inde
79%
Portugal
76%
Mexique
73%
Argentine
70%
Belgique
61%
Pays-Bas
61%
Pologne
55%
Colombie
45%
Suède
45%
Iran
42%
Turquie
42%
Hongrie
33%
Israël
18%
Slovénie
15%
Tchèquie
15%
Estonie
9%
Lituanie
9%
Bahreïn
6%
Serbie
6%
Panama
0%

Distribution des résultats

Percentile par nombre de réponses

% des personnes avec chaque résultat

Votre développement - résultats

Vous n’avez pas pris ce quiz